Statistics for Jakarta Stations Quiz

Click here to take the quiz!

General Stats

  • This quiz has been taken 36 times
  • The average score is 54 of 138

Answer Stats

LineStation NumberStation% Correct
KRL Red LineB06Gambir
88%
KRL Red LineB01Jakarta Kota
79%
KRL Pink LineTP01Jakarta Kota
79%
KRL Red LineB09Manggarai
79%
Airport RailinkA01Manggarai
79%
KRL Blue LineC13Manggarai
79%
MRT Jakarta NS LineM08Senayan
79%
MRT Jakarta NS LineM06Blok M BCA
75%
KRL Blue LineC12Sudirman
75%
LRT Jabodebek (Cibubur Line)CB01Dukuh Atas
71%
LRT Jabodebek (Bekasi Line)BK01Dukuh Atas
71%
MRT Jakarta NS LineM12Dukuh Atas BNI
71%
LRT Jabodebek (Bekasi Line)BK09Halim
71%
KRL Pink LineTP03Ancol
67%
MRT Jakarta NS LineM07ASEAN
67%
KRL Red LineB08Cikini
67%
MRT Jakarta NS LineM02Fatmawati Indomaret
67%
KRL Red LineB26Bogor
63%
MRT Jakarta NS LineM09Istora Mandiri
63%
KRL Green LineR01Jakarta Tanah Abang
63%
KRL Red LineB05Juanda
63%
MRT Jakarta NS LineM01Lebak Bulus Grab
63%
KRL Blue LineC10Tanah Abang
63%
MRT Jakarta NS LineM10Bendungan Hilir
58%
MRT Jakarta NS LineM05Blok A
58%
KRL Blue LineC09Duri
58%
Airport RailinkA03Duri
58%
KRL Brown LineT01Duri
58%
KRL Red LineB07Gondangdia
58%
KRL Green LineR02Palmerah
58%
LRT Jabodebek (Bekasi Line)BK02Setiabudi
58%
LRT Jabodebek (Cibubur Line)CB02Setiabudi
58%
MRT Jakarta NS LineM11Setiabudi Astra
58%
KRL Red LineB18Universitas Indonesia
58%
KRL Red LineB11Cawang
54%
LRT Jabodebek (Cibubur Line)CB08Cawang
54%
LRT Jabodebek (Bekasi Line)BK08Cawang
54%
MRT Jakarta NS LineM03Cipete Raya
54%
MRT Jakarta NS LineM04Haji Nawi
54%
KRL Red LineB03Mangga Besar
54%
Airport RailinkA02Sudirman Baru (BNI City)
54%
KRL Blue LineC11Sudirman Baru (BNI City)
54%
LRT JakartaS06Velodrome
54%
KRL Blue LineC21Bekasi
50%
MRT Jakarta NS LineM13Bundaran Hotel Indonesia
50%
KRL Red LineB21Depok
50%
KRL Green LineR03Kebayoran
50%
KRL Red LineB14Pasar Minggu
50%
KRL Pink LineTP05Tanjung Priok
50%
KRL Blue LineC04Pasar Senen
46%
KRL Green LineR08Serpong
46%
KRL Brown LineT11Tangerang
46%
KRL Red LineB10Tebet
46%
KRL Blue LineC26Cikarang
42%
KRL Blue LineC15Jatinegara
42%
LRT Jabodebek (Cibubur Line)CB04Kuningan
42%
LRT Jabodebek (Bekasi Line)BK04Kuningan
42%
KRL Red Lineb26Nambo
42%
KRL Red LineB19Pondok Cina
42%
KRL Red LineB23Bojonggede
38%
KRL Red LineB02Jayakarta
38%
KRL Blue LineC07Kampung Bandan
38%
KRL Pink LineTP02Kampung Bandan
38%
KRL Red LineB16Lenteng Agung
38%
KRL Green LineR22Rangkasbitung
38%
KRL Red LineB04Sawah Besar
38%
KRL Red LineB22Citayam
33%
KRL Red LineB12Duren Kalibata
33%
KRL Brown LineT02Grogol
33%
KRL Red LineB13Pasar Minggu Baru
33%
LRT Jabodebek (Bekasi Line)BK03Rasuna Said
33%
LRT Jabodebek (Cibubur Line)CB03Rasuna Said
33%
LRT Jabodebek (Cibubur Line)CB09Taman Mini
33%
KRL Red LineB15Tanjung Barat
33%
KRL Blue LineC08Angke
29%
Airport RailinkA04Batuceper
29%
KRL Brown LineT09Batuceper
29%
LRT Jabodebek (Bekasi Line)BK13Bekasi Barat
29%
KRL Blue LineC22Bekasi Timur
29%
LRT JakartaS02Boulevard Utara
29%
KRL Red Lineb24Cibinong
29%
KRL Red LineB17Universitas Pancasila
29%
LRT JakartaS03Boulevard Selatan
25%
LRT Jabodebek (Bekasi Line)BK06Cikoko
25%
LRT Jabodebek (Cibubur Line)CB06Cikoko
25%
KRL Red LineB24Cilebut
25%
KRL Green LineR09Cisauk
25%
KRL Red LineB20Depok Baru
25%
KRL Blue LineC03Gang Sentiong
25%
LRT Jabodebek (Cibubur Line)CB12Harjamukti
25%
KRL Brown LineT07Kalideres
25%
KRL Blue LineC05Kemayoran
25%
KRL Blue LineC14Matraman
25%
LRT Jabodebek (Cibubur Line)CB05Pancoran
25%
LRT Jabodebek (Bekasi Line)BK05Pancoran
25%
KRL Green LineR12Parung Panjang
25%
LRT JakartaS01Pegangsaan Dua
25%
LRT JakartaS04Pulomas
25%
KRL Brown LineT06Rawa Buaya
25%
KRL Green LineR06Sudimara
25%
KRL Blue LineC17Buaran
21%
KRL Blue LineC19Cakung
21%
KRL Blue LineC11aKaret
21%
KRL Blue LineC16Klender
21%
KRL Blue LineC25Metland Telagamurni
21%
KRL Brown LineT03Pesing
21%
KRL Green LineR04Pondok Ranji
21%
KRL Brown LineT08Poris
21%
KRL Blue LineC06Rajawali
21%
KRL Green LineR07Rawabuntu
21%
KRL Green LineR16Tenjo
21%
KRL Blue LineC24Cibitung
17%
KRL Green LineR10Cicayur
17%
LRT Jabodebek (Cibubur Line)CB07Ciliwung
17%
LRT Jabodebek (Bekasi Line)BK07Ciliwung
17%
KRL Green LineR21Citeras
17%
KRL Green LineR15Daru
17%
LRT JakartaS05Equestrian
17%
KRL Green LineR05Jurangmangu
17%
LRT Jabodebek (Cibubur Line)CB10Kampung Rambutan
17%
KRL Blue LineC18Klender Baru
17%
KRL Blue LineC02Kramat
17%
KRL Blue LineC20Kranji
17%
KRL Green LineR20Maja
17%
Airport RailinkA05SHIA
17%
KRL Brown LineT04Taman Kota
17%
KRL Blue LineC23Tambun
17%
KRL Brown LineT10Tanah Tinggi
17%
KRL Brown LineT05Bojong Indah
13%
KRL Green LineR19Cikoya
13%
LRT Jabodebek (Bekasi Line)BK11Cikunir 1
13%
LRT Jabodebek (Bekasi Line)BK12Cikunir 2
13%
KRL Green LineR14Cilejit
13%
LRT Jabodebek (Cibubur Line)CB11Ciracas
13%
LRT Jabodebek (Bekasi Line)BK10Jati Bening Baru
13%
LRT Jabodebek (Bekasi Line)BK14Jati Mulya
13%
KRL Blue LineC01Pondok Jati
13%
KRL Green LineR17Tigaraksa
13%

Score Distribution

Percentile by Number Answered

Percent of People with Each Score

Your Score History

You have not taken this quiz